00416pab a2200145 454500008004000000100002100040245006900061260000900130300001200139362001200151650003300163650002000196700002100216773003300237180718b2001 xxu||||| |||| 00| 0 eng d aPrabhu, K. Seeta aPublic provision of social security: the challenge in South Asia c2001 ap.31-66 aJan-Jun aSocial security - South Asia aSocial security aIyer, Sandhya V. aSouth Asian Economic Journal